[Event "CCT Play-in Chessable Masters 2024"]
[Site "Online"]
[Date "2024.01.31"]
[Round "3"]
[White "Fandorine"]
[Black "TomsKantans"]
[Result "1-0"]
[WhiteElo "2596"]
[BlackElo "2409"]
[Annotator "RC"]
[PlyCount "77"]
[EventDate "2024.01.26"]
[EventType "swiss"]
[EventCountry "NET"]
[SourceTitle "playchess.com"]
[Source "ChessBase"]
[SourceQuality "1"]

1. d4 Nf6 2. c4 g6 3. Nc3 d5 4. cxd5 Nxd5 5. e4 Nxc3 6. bxc3 Bg7 7. Bc4 c5 8. Ne2 O-O 9. Be3 Nc6 10. Rc1 b6 11. h4 Na5 12. Bd5 Bb7 13. Bxb7 Nxb7 14. h5 Nd6 15. hxg6 hxg6 16. f3 cxd4 17. cxd4 Rc8 18. Kf2 Rxc1 19. Qxc1 Qc8 20. Qg1 f5 21. e5 Nc4 22. Bg5 Qd7 23. Bh6 Bxh6 24. Rxh6 Kf7 25. Qc1 b5 26. Qg5 Rg8 27. Rh7+ Ke8 28. Kg3 Nb6 29. Nf4 Kd8 30. d5 Re8 31. d6 Kc8 32. Nxg6 Nd5 33. Nxe7+ Nxe7 34. Rxe7 Rxe7 35. Qxe7 Qxe7 36. dxe7 Kd7 37. Kf4 b4 38. Kxf5 a5 39. Ke4 1-0

[Event "CCT Play-in Chessable Masters 2024"]
[Site "Online"]
[Date "2024.01.31"]
[Round "3"]
[White "Yoo, Christopher Woojin"]
[Black "Miladinovic, Igor"]
[Result "1-0"]
[WhiteElo "2595"]
[BlackElo "2489"]
[Annotator "RC"]
[PlyCount "23"]
[EventDate "2024.01.26"]
[EventType "swiss"]
[EventCountry "NET"]
[SourceTitle "playchess.com"]
[Source "ChessBase"]
[SourceQuality "1"]

1. e4 c5 2. Nf3 Nc6 3. Bb5 e6 4. O-O Nge7 5. Re1 Nd4 6. Nxd4 cxd4 7. c3 a6 8. Bf1 Nc6 9. cxd4 Nxd4 10. d3 Bc5 11. Be3 d6 12. Bxd4 1-0

[Event "CCT Play-in Chessable Masters 2024"]
[Site "Online"]
[Date "2024.01.31"]
[Round "3"]
[White "frederiksvane"]
[Black "js20000"]
[Result "1-0"]
[WhiteElo "2593"]
[BlackElo "2484"]
[Annotator "NA"]
[PlyCount "75"]
[EventDate "2024.01.26"]
[EventType "swiss"]
[EventCountry "NET"]
[SourceTitle "playchess.com"]
[Source "ChessBase"]
[SourceQuality "1"]

1. e4 c6 2. Nf3 d5 3. Nc3 dxe4 4. Nxe4 Nf6 5. Qe2 Nxe4 6. Qxe4 Be6 7. b3 Nd7 8. Bb2 Nf6 9. Qh4 Qa5 10. Bc4 Bxc4 11. bxc4 Qf5 12. d3 e6 13. O-O Be7 14. Qg3 O-O-O 15. Ne5 Nd7 16. Nxd7 Kxd7 17. Rfe1 Bd6 18. Qxg7 Rhg8 19. Qf6 Qh5 20. Be5 Rg6 21. Qxf7+ Kc8 22. Qf4 Rf8 23. Qd4 Qf3 24. Bg3 Bxg3 25. hxg3 Qh5 26. Re5 Qh6 27. Rae1 Qd2 28. R5e2 Qa5 29. Rxe6 Rxe6 30. Rxe6 Qd2 31. Re7 Qd1+ 32. Kh2 Qh5+ 33. Kg1 Qd1+ 34. Kh2 Qh5+ 35. Qh4 Qxh4+ 36. gxh4 Rxf2 37. Rxh7 Rxc2 38. h5 1-0

[Event "CCT Play-in Chessable Masters 2024"]
[Site "Online"]
[Date "2024.01.31"]
[Round "3"]
[White "Neiksans, Arturs"]
[Black "Kramnik, Vladimir"]
[Result "1-0"]
[WhiteElo "2588"]
[BlackElo "2753"]
[Annotator "TA"]
[PlyCount "139"]
[EventDate "2024.01.26"]
[EventType "swiss"]
[EventCountry "NET"]
[SourceTitle "playchess.com"]
[Source "ChessBase"]
[SourceQuality "1"]

1. Nf3 Nf6 2. g3 b5 3. Bg2 Bb7 4. Na3 b4 5. Nc4 a5 6. O-O e6 7. d3 d5 8. Nce5 Be7 9. a3 O-O 10. axb4 axb4 11. Rxa8 Bxa8 12. b3 Nbd7 13. Bb2 Bb7 14. Qa1 c5 15. Qa4 Qc7 16. Ra1 Bd6 17. Nxd7 Nxd7 18. Qa2 h6 19. Nd2 Be5 20. Qb1 Bc3 21. Nf3 d4 22. Bxc3 bxc3 23. Ra7 Qb6 24. Qa1 Rb8 25. Qa3 e5 26. Nh4 Bxg2 27. Kxg2 Qc6+ 28. Nf3 e4 29. dxe4 Re8 30. Qa5 Nf6 31. e5 Nd5 32. Ra6 Qc8 33. Rd6 Nb4 34. Nxd4 Qb7+ 35. Nf3 Rxe5 36. Qd8+ Kh7 37. Rd7 Rd5 38. Rxb7 Rxd8 39. Rc7 Nxc2 40. Rxc5 Rb8 41. Rxc3 Nb4 42. Nd4 Rb7 43. e3 Na2 44. Rc4 Nb4 45. h4 g6 46. g4 Kg7 47. Kg3 Nd3 48. Rc3 Nb4 49. Kf3 Nd5 50. Rc5 Nf6 51. g5 hxg5 52. hxg5 Nd7 53. Rd5 Rc7 54. b4 Nb6 55. Rc5 Rd7 56. Rb5 Nd5 57. Rb8 Nc3 58. b5 Rd5 59. Kg4 Ne4 60. f4 Nd6 61. Rd8 Nc4 62. Rxd5 Nxe3+ 63. Kf3 Nxd5 64. Ke4 Nb6 65. Ke5 Kf8 66. Kd6 f6 67. Kc6 Na4 68. b6 Nxb6 69. Kxb6 Ke7 70. Kc5 1-0

[Event "CCT Play-in Chessable Masters 2024"]
[Site "Online"]
[Date "2024.01.31"]
[Round "3"]
[White "Nesterov, Arseniy"]
[Black "Raja Harshit"]
[Result "1-0"]
[WhiteElo "2584"]
[BlackElo "2508"]
[Annotator "RC"]
[PlyCount "65"]
[EventDate "2024.01.26"]
[EventType "swiss"]
[EventCountry "NET"]
[SourceTitle "playchess.com"]
[Source "ChessBase"]
[SourceQuality "1"]

1. d4 Nf6 2. c4 e6 3. Nf3 d5 4. Nc3 Be7 5. Bg5 h6 6. Bxf6 Bxf6 7. e3 O-O 8. h4 c5 9. g4 cxd4 10. exd4 g6 11. g5 hxg5 12. hxg5 Bxg5 13. Nxg5 Qxg5 14. Qf3 Nc6 15. Qh3 Kg7 16. Qh7+ Kf6 17. Qh2 Nxd4 18. f4 Qg4 19. Qf2 Nf3+ 20. Ke2 Ng5+ 21. Kd2 Ne4+ 22. Nxe4+ dxe4 23. Be2 Qf5 24. Rh5 gxh5 25. Qh4+ Kg7 26. Rg1+ Qg6 27. Rg5 Rh8 28. Bxh5 Qxg5 29. Qxg5+ Kf8 30. Qc5+ Kg7 31. Qe5+ f6 32. Qc7+ Kh6 33. Qf7 1-0

[Event "CCT Play-in Chessable Masters 2024"]
[Site "Online"]
[Date "2024.01.31"]
[Round "3"]
[White "Kovalev, Vladislav"]
[Black "Mileo, Miguelito"]
[Result "1/2-1/2"]
[WhiteElo "2579"]
[BlackElo "1721"]
[Annotator "RC"]
[PlyCount "61"]
[EventDate "2024.01.26"]
[EventType "swiss"]
[EventCountry "NET"]
[SourceTitle "playchess.com"]
[Source "ChessBase"]
[SourceQuality "1"]

1. e4 e5 2. Nf3 Nc6 3. Bb5 Nf6 4. O-O Nxe4 5. Re1 Nd6 6. Nxe5 Be7 7. Bf1 Nxe5 8. Rxe5 O-O 9. d4 Bf6 10. Re1 Re8 11. c3 Rxe1 12. Qxe1 Ne8 13. a4 a5 14. d5 d6 15. Nd2 Bg5 16. Nc4 Bxc1 17. Rxc1 Bd7 18. b3 Qg5 19. Qd2 Qxd2 20. Nxd2 Nf6 21. c4 Re8 22. Bd3 b6 23. Nf3 h5 24. h4 g6 25. Nd4 Kg7 26. f3 Re5 27. Kf2 Kf8 28. Rb1 Kg7 29. Rd1 Kf8 30. Rb1 Kg7 31. Rd1 1/2-1/2

[Event "CCT Play-in Chessable Masters 2024"]
[Site "Online"]
[Date "2024.01.31"]
[Round "3"]
[White "Sanal, Vahap"]
[Black "Guseinov, Gadir"]
[Result "1/2-1/2"]
[WhiteElo "2567"]
[BlackElo "2636"]
[Annotator "RC"]
[PlyCount "128"]
[EventDate "2024.01.26"]
[EventType "swiss"]
[EventCountry "NET"]
[SourceTitle "playchess.com"]
[Source "ChessBase"]
[SourceQuality "1"]

1. d4 Nf6 2. Bg5 g6 3. Bxf6 exf6 4. e3 d5 5. c4 dxc4 6. Bxc4 Bg7 7. Nf3 O-O 8. O-O b6 9. Nc3 Bb7 10. Rc1 f5 11. Qe2 a6 12. a4 Nd7 13. Bd5 c6 14. Ba2 a5 15. Rfd1 Nf6 16. Ne5 Nd7 17. Nd3 Qe7 18. Nf4 Nf6 19. d5 cxd5 20. Ncxd5 Nxd5 21. Nxd5 Qe4 22. Bb1 Qh4 23. g3 Qh3 24. Ba2 Be5 25. Ne7+ Kg7 26. Bd5 Ba6 27. Qf3 Rae8 28. Nc6 Bxb2 29. Rb1 Bc3 30. Rxb6 Bc8 31. Rc1 Bf6 32. Qf4 Be6 33. Bg2 Qg4 34. Nxa5 Qxf4 35. gxf4 Rd8 36. Nc6 Rd2 37. a5 Bh4 38. Nd4 Bxf2+ 39. Kh1 Bxe3 40. Nxe6+ fxe6 41. Rxe6 Bxf4 42. Rf1 Bb8 43. a6 Rf7 44. Rb6 Ba7 45. Rb7 Kf6 46. Rfb1 Rdd7 47. Bc6 Rc7 48. Bd5 Rfe7 49. Rxc7 Rxc7 50. Rb7 Rxb7 51. axb7 Ke5 52. Bg8 h6 53. Bf7 Kf6 54. Be8 g5 55. Kg2 Bb8 56. h3 g4 57. hxg4 fxg4 58. Bh5 Kg5 59. Bxg4 Kxg4 60. Kh1 h5 61. Kg1 h4 62. Kh1 h3 63. Kg1 h2+ 64. Kh1 Kh3 1/2-1/2

[Event "CCT Play-in Chessable Masters 2024"]
[Site "Online"]
[Date "2024.01.31"]
[Round "3"]
[White "Bernadskiy, Vitaliy"]
[Black "Volokitin, Andrei"]
[Result "0-1"]
[WhiteElo "2566"]
[BlackElo "2663"]
[Annotator "TA"]
[PlyCount "80"]
[EventDate "2024.01.26"]
[EventType "swiss"]
[EventCountry "NET"]
[SourceTitle "playchess.com"]
[Source "ChessBase"]
[SourceQuality "1"]

1. e4 c5 2. Nc3 d6 3. d4 cxd4 4. Qxd4 Nc6 5. Qe3 Nf6 6. Nf3 d5 7. Nxd5 Nxd5 8. exd5 Qxd5 9. Be2 Bf5 10. c4 Qe4 11. O-O e6 12. Qxe4 Bxe4 13. Be3 O-O-O 14. a3 Be7 15. b4 Bf6 16. Rad1 Bc2 17. Rxd8+ Rxd8 18. Rc1 Bd3 19. Kf1 Bb2 20. Rd1 Bxe2+ 21. Kxe2 Rxd1 22. Kxd1 Bxa3 23. b5 Na5 24. c5 Nc4 25. Bd4 e5 26. Bxe5 Nxe5 27. Nxe5 Bxc5 28. Nxf7 Bxf2 29. Ng5 Bc5 30. Ne6 Bd6 31. Nxg7 Bxh2 32. Kc2 Kd7 33. Kd3 Kd6 34. Kc4 Ke5 35. Ne8 Ke6 36. Ng7+ Kf6 37. Nh5+ Kg6 38. g4 Kg5 39. b6 axb6 40. Kb5 Be5 0-1

[Event "CCT Play-in Chessable Masters 2024"]
[Site "Online"]
[Date "2024.01.31"]
[Round "3"]
[White "chessdjw"]
[Black "Sarana, Alexey"]
[Result "1/2-1/2"]
[WhiteElo "2564"]
[BlackElo "2695"]
[Annotator "TA"]
[PlyCount "109"]
[EventDate "2024.01.26"]
[EventType "swiss"]
[EventCountry "NET"]
[SourceTitle "playchess.com"]
[Source "ChessBase"]
[SourceQuality "1"]

1. d4 Nf6 2. Nf3 d5 3. c4 e6 4. g3 Be7 5. Bg2 O-O 6. O-O dxc4 7. Qa4 a6 8. Qxc4 b5 9. Qc2 Bb7 10. Bg5 Nbd7 11. Bxf6 Nxf6 12. Nbd2 Rc8 13. Nb3 Be4 14. Qc3 Nd5 15. Qd2 c5 16. dxc5 Bxc5 17. Nxc5 Rxc5 18. Rfc1 Rxc1+ 19. Rxc1 Qa8 20. Qd4 Ne7 21. Rc7 Rd8 22. Rd7 Rxd7 23. Qxd7 Kf8 24. h4 h6 25. Qd6 Qc8 26. Ne5 Bxg2 27. Kxg2 Ke8 28. g4 f6 29. Nd3 e5 30. f3 h5 31. gxh5 Nf5 32. Qc5 Nxh4+ 33. Kf2 Qe6 34. Qa7 Nf5 35. Nc5 Qc6 36. b4 Qd6 37. Nxa6 e4 38. Qa8+ Kf7 39. Qb7+ Ne7 40. fxe4 Qh2+ 41. Ke1 Qxh5 42. Nc5 Qg5 43. Kd1 Qg1+ 44. Kc2 Qa1 45. Qxb5 Qxa2+ 46. Kd3 Qb1+ 47. Kd2 Qb2+ 48. Kd3 Qb1+ 49. Kd2 Qb2+ 50. Ke3 Qc1+ 51. Kf2 Qf4+ 52. Ke1 Qc1+ 53. Kf2 Qf4+ 54. Ke1 Qc1+ 55. Kf2 1/2-1/2

[Event "CCT Play-in Chessable Masters 2024"]
[Site "Online"]
[Date "2024.01.31"]
[Round "3"]
[White "Nasuta, Grzegorz"]
[Black "crescentmoon"]
[Result "1/2-1/2"]
[WhiteElo "2563"]
[BlackElo "2649"]
[Annotator "TA"]
[PlyCount "106"]
[EventDate "2024.01.26"]
[EventType "swiss"]
[EventCountry "NET"]
[SourceTitle "playchess.com"]
[Source "ChessBase"]
[SourceQuality "1"]

1. e4 c5 2. Nf3 Nc6 3. Bb5 e6 4. O-O Nge7 5. Re1 a6 6. Bf1 Ng6 7. c3 Be7 8. d4 cxd4 9. cxd4 d5 10. e5 O-O 11. g3 f6 12. exf6 Bxf6 13. Nc3 e5 14. dxe5 Ngxe5 15. Nxe5 Nxe5 16. Bg2 Bg4 17. Qxd5+ Qxd5 18. Nxd5 Nf3+ 19. Bxf3 Bxf3 20. Nxf6+ Rxf6 21. Be3 Rc8 22. Rac1 Rxc1 23. Rxc1 Rd6 24. h3 h5 25. Kh2 Rd1 26. Rxd1 Bxd1 27. Kg2 Kf7 28. f3 g6 29. g4 Ke6 30. Kg3 Be2 31. Kf4 Bd1 32. Bf2 Be2 33. a3 Bd1 34. Bg3 Be2 35. Kg5 hxg4 36. fxg4 Bd3 37. Kh6 Kf7 38. Be1 Bf1 39. h4 Be2 40. Kg5 Bd1 41. Bc3 Be2 42. h5 gxh5 43. gxh5 Kg8 44. Kg6 Bd3+ 45. Kf6 Kh7 46. Bd2 Be4 47. Ke5 Bf3 48. h6 Bg2 49. Kd6 Bh1 50. Kc7 Bg2 51. Kb6 Bh1 52. Ka7 Bg2 53. Be3 Bh1 1/2-1/2

[Event "CCT Play-in Chessable Masters 2024"]
[Site "Online"]
[Date "2024.01.31"]
[Round "3"]
[White "Alonso Rosell, Alvar"]
[Black "Sadhwani, Raunak"]
[Result "1-0"]
[WhiteElo "2562"]
[BlackElo "2654"]
[Annotator "TA"]
[PlyCount "50"]
[EventDate "2024.01.26"]
[EventType "swiss"]
[EventCountry "NET"]
[SourceTitle "playchess.com"]
[Source "ChessBase"]
[SourceQuality "1"]

1. d4 Nf6 2. c4 e6 3. Nf3 b6 4. g3 Bb7 5. Bg2 Be7 6. O-O O-O 7. Re1 a5 8. Nc3 Bb4 9. Bg5 Bxc3 10. bxc3 h6 11. Bh4 Be4 12. Qd2 d6 13. Bxf6 Qxf6 14. Nh4 Bxg2 15. Kxg2 Nd7 16. e4 a4 17. f4 a3 18. Rad1 Ra4 19. e5 Qe7 20. f5 Qg5 21. Qe2 dxe5 22. dxe5 Nc5 23. Rf1 exf5 24. Nxf5 Re8 25. h4 Qg6 1-0

[Event "CCT Play-in Chessable Masters 2024"]
[Site "Online"]
[Date "2024.01.31"]
[Round "3"]
[White "Khanin, Semen"]
[Black "VSERGUEI"]
[Result "1/2-1/2"]
[WhiteElo "2558"]
[BlackElo "2528"]
[Annotator "RC"]
[PlyCount "68"]
[EventDate "2024.01.26"]
[EventType "swiss"]
[EventCountry "NET"]
[SourceTitle "playchess.com"]
[Source "ChessBase"]
[SourceQuality "1"]

1. e4 e6 2. d4 d5 3. e5 c5 4. c3 Qb6 5. Nf3 Bd7 6. Na3 cxd4 7. cxd4 Bb4+ 8. Bd2 Ne7 9. Bd3 Nbc6 10. Nc2 Bxd2+ 11. Qxd2 Na5 12. Ne3 Bb5 13. O-O Bxd3 14. Qxd3 Rc8 15. b3 h6 16. Rac1 O-O 17. h4 Rxc1 18. Rxc1 Rc8 19. Rxc8+ Nxc8 20. g4 Ne7 21. h5 Nac6 22. g5 Qa5 23. a4 Qb4 24. Kg2 a6 25. gxh6 gxh6 26. Nc2 Qb6 27. Nh4 Nb4 28. Qg3+ Kf8 29. Nxb4 Qxb4 30. Qf4 Ng8 31. Qe3 Kg7 32. Qg3+ Kf8 33. Qe3 Kg7 34. Qg3+ Kf8 1/2-1/2

[Event "CCT Play-in Chessable Masters 2024"]
[Site "Online"]
[Date "2024.01.31"]
[Round "3"]
[White "bardiya_Daneshvar"]
[Black "alexrustemov"]
[Result "1-0"]
[WhiteElo "2556"]
[BlackElo "2694"]
[Annotator "TA"]
[PlyCount "79"]
[EventDate "2024.01.26"]
[EventType "swiss"]
[EventCountry "NET"]
[SourceTitle "playchess.com"]
[Source "ChessBase"]
[SourceQuality "1"]

1. Nf3 d5 2. e3 Nf6 3. c4 c6 4. Nc3 a6 5. Qc2 e6 6. d4 c5 7. cxd5 exd5 8. Be2 Nc6 9. O-O Be6 10. dxc5 Bxc5 11. Na4 Bd6 12. Nc5 Qe7 13. Nxe6 fxe6 14. b3 Rc8 15. Bb2 O-O 16. Rac1 Ba3 17. Qb1 Rc7 18. Rc2 Bxb2 19. Qxb2 Rfc8 20. Rfc1 Nb4 21. Rxc7 Rxc7 22. a3 Nc6 23. b4 Nd8 24. g3 Qd6 25. Nd4 Kf7 26. Nb3 Rxc1+ 27. Qxc1 Nd7 28. Qc8 Ke7 29. Na5 b6 30. Nb3 a5 31. Nd4 axb4 32. axb4 g6 33. b5 Nc5 34. Qa8 e5 35. Nc6+ Nxc6 36. bxc6 Qc7 37. Bb5 Kd6 38. Qf8+ Ke6 39. Bf1 d4 40. Bc4# 1-0

[Event "CCT Play-in Chessable Masters 2024"]
[Site "Online"]
[Date "2024.01.31"]
[Round "3"]
[White "GABUZYAN_CHESSMOOD"]
[Black "Janosik, Gyorgy"]
[Result "0-1"]
[WhiteElo "2553"]
[BlackElo "2235"]
[Annotator "RC"]
[PlyCount "104"]
[EventDate "2024.01.26"]
[EventType "swiss"]
[EventCountry "NET"]
[SourceTitle "playchess.com"]
[Source "ChessBase"]
[SourceQuality "1"]

1. Nf3 d5 2. g3 Bg4 3. Bg2 e6 4. O-O Nf6 5. d4 Nbd7 6. Nbd2 Be7 7. Re1 O-O 8. e4 c6 9. c3 Qb6 10. e5 Ne8 11. Nb3 a5 12. a4 Nc7 13. Be3 Na6 14. h3 Bh5 15. Ra2 Rfc8 16. g4 Bg6 17. Bf1 Qd8 18. Nc1 c5 19. Nd3 cxd4 20. Bxd4 Nac5 21. Nf4 Be4 22. Bb5 Nf8 23. Nd2 Bg5 24. Nxe4 dxe4 25. Ng2 Ng6 26. Ra1 Qc7 27. Bxc5 Qxc5 28. Rxe4 Nxe5 29. Qe2 Ng6 30. Rd1 Rd8 31. Red4 Bf6 32. Rd7 Ne5 33. Rxb7 Rxd1+ 34. Qxd1 Rd8 35. Qe2 Qd5 36. Ba6 h5 37. Rb5 Nf3+ 38. Kf1 Nd2+ 39. Kg1 Qa2 40. Bb7 Qa1+ 41. Ne1 hxg4 42. hxg4 Qxa4 43. g5 Be7 44. g6 Qf4 45. Ng2 Qf6 46. gxf7+ Qxf7 47. Rxa5 Bd6 48. Ra8 Rxa8 49. Bxa8 Nb3 50. Qd1 Bc5 51. Qxb3 Qxf2+ 52. Kh1 Qg1# 0-1

[Event "CCT Play-in Chessable Masters 2024"]
[Site "Online"]
[Date "2024.01.31"]
[Round "3"]
[White "messiboca"]
[Black "KuzubovYuriy"]
[Result "0-1"]
[WhiteElo "2553"]
[BlackElo "2692"]
[Annotator "TA"]
[PlyCount "49"]
[EventDate "2024.01.26"]
[EventType "swiss"]
[EventCountry "NET"]
[SourceTitle "playchess.com"]
[Source "ChessBase"]
[SourceQuality "1"]

1. c4 e5 2. Nc3 Bb4 3. Nd5 a5 4. a3 Be7 5. Nf3 d6 6. d4 e4 7. Ng5 f5 8. h4 Nf6 9. Nf4 c6 10. d5 Qb6 11. e3 Na6 12. Nge6 Kf7 13. Be2 Nc5 14. Nxc5 dxc5 15. O-O Rd8 16. f3 Kg8 17. fxe4 Nxe4 18. Bd3 Bxh4 19. Bxe4 fxe4 20. Qc2 cxd5 21. Nxd5 Qh6 22. g3 Bxg3 23. Qg2 Qh4 24. Bd2 Bh3 25. Ne7+ 0-1

[Event "CCT Play-in Chessable Masters 2024"]
[Site "Online"]
[Date "2024.01.31"]
[Round "3"]
[White "Bosiocic, Marin"]
[Black "Predke, Alexandr"]
[Result "0-1"]
[WhiteElo "2549"]
[BlackElo "2668"]
[Annotator "TA"]
[PlyCount "96"]
[EventDate "2024.01.26"]
[EventType "swiss"]
[EventCountry "NET"]
[SourceTitle "playchess.com"]
[Source "ChessBase"]
[SourceQuality "1"]

1. Nf3 Nf6 2. g3 b6 3. Bg2 Bb7 4. O-O c5 5. c4 g6 6. Nc3 Bg7 7. d4 cxd4 8. Qxd4 Na6 9. b3 Nc5 10. Bb2 O-O 11. Qd2 d6 12. Rfd1 a6 13. Nd5 Nce4 14. Nxf6+ Nxf6 15. Rac1 b5 16. Qd3 Qa5 17. a3 Rac8 18. b4 Qa4 19. cxb5 axb5 20. Nd4 Bxg2 21. Kxg2 Nd5 22. Ba1 Rc4 23. e4 Rfc8 24. Rxc4 bxc4 25. Qc2 Nb6 26. Qxa4 Nxa4 27. Nc2 c3 28. Kf1 Nb2 29. Rd5 Nc4 30. Ke2 Ra8 31. Kd3 Nxa3 32. Ra5 Rxa5 33. bxa5 Nxc2 34. Kxc2 Bd4 35. f3 Kf8 36. Bxc3 Bc5 37. Kd3 Ke8 38. Bd4 Kd7 39. Bxc5 dxc5 40. Kc4 Kc6 41. e5 g5 42. f4 f6 43. exf6 exf6 44. a6 Kb6 45. a7 Kxa7 46. Kxc5 gxf4 47. gxf4 Kb7 48. Kd6 Kc8 0-1

[Event "CCT Play-in Chessable Masters 2024"]
[Site "Online"]
[Date "2024.01.31"]
[Round "3"]
[White "Fier, Alexandr"]
[Black "Matlakov, Maxim"]
[Result "1/2-1/2"]
[WhiteElo "2549"]
[BlackElo "2662"]
[Annotator "TA"]
[PlyCount "68"]
[EventDate "2024.01.26"]
[EventType "swiss"]
[EventCountry "NET"]
[SourceTitle "playchess.com"]
[Source "ChessBase"]
[SourceQuality "1"]

1. e4 e5 2. Nf3 Nc6 3. Bc4 Nf6 4. d3 Bc5 5. c3 d6 6. O-O a5 7. Nbd2 O-O 8. h3 Be6 9. b3 d5 10. exd5 Bxd5 11. Re1 Bxc4 12. Nxc4 e4 13. Nfe5 Nxe5 14. Nxe5 Re8 15. d4 Bd6 16. Nc4 h6 17. Ne3 c6 18. Bb2 a4 19. bxa4 Bf4 20. c4 Qa5 21. d5 Qxa4 22. Bxf6 Qxd1 23. Raxd1 Bxe3 24. Rxe3 gxf6 25. dxc6 bxc6 26. Rd6 Re6 27. Rxe6 fxe6 28. Rxe4 Kf7 29. Re2 Ra4 30. Rc2 e5 31. g4 f5 32. Kg2 Kf6 33. gxf5 Kxf5 34. c5 h5 1/2-1/2

[Event "CCT Play-in Chessable Masters 2024"]
[Site "Online"]
[Date "2024.01.31"]
[Round "3"]
[White "Dedic8"]
[Black "Saric, Ivan"]
[Result "1/2-1/2"]
[WhiteElo "2548"]
[BlackElo "2689"]
[Annotator "RC"]
[PlyCount "141"]
[EventDate "2024.01.26"]
[EventType "swiss"]
[EventCountry "NET"]
[SourceTitle "playchess.com"]
[Source "ChessBase"]
[SourceQuality "1"]

1. d4 Nf6 2. c4 g6 3. Nc3 Bg7 4. e4 d6 5. h3 e5 6. d5 a5 7. Nf3 Na6 8. Bd3 Nd7 9. Bg5 f6 10. Be3 Ndc5 11. Bc2 O-O 12. g4 Kh8 13. a3 f5 14. gxf5 gxf5 15. exf5 Bxf5 16. Bxf5 Rxf5 17. Rg1 Qf6 18. Ng5 Rf8 19. Nge4 Qf7 20. Qc2 Qh5 21. Ng3 Qg6 22. O-O-O Rf3 23. Nge4 Qf5 24. h4 Nxe4 25. Nxe4 Nc5 26. Nxc5 Qxc2+ 27. Kxc2 dxc5 28. d6 cxd6 29. Rxd6 e4 30. Rd7 R3f7 31. Rxf7 Rxf7 32. Bxc5 Rc7 33. b4 a4 34. Rd1 Bf6 35. Rd6 Bxh4 36. Bd4+ Kg8 37. c5 Bg5 38. b5 Kf7 39. b6 Re7 40. c6 bxc6 41. Rxc6 h5 42. Rc5 Kg6 43. Rc7 Kf5 44. Rxe7 Bxe7 45. b7 Bd6 46. Ba7 Kg4 47. Kd2 Kf3 48. Ke1 h4 49. Kf1 h3 50. b8=Q Bxb8 51. Bxb8 e3 52. fxe3 Kxe3 53. Kg1 Ke4 54. Bd6 Kd5 55. Bb4 h2+ 56. Kxh2 Kc6 57. Kg3 Kb7 58. Kf3 Ka8 59. Ke4 Kb8 60. Kd5 Ka8 61. Kc5 Kb8 62. Kb5 Ka8 63. Kxa4 Kb8 64. Kb5 Ka8 65. a4 Kb8 66. a5 Ka8 67. a6 Kb8 68. Bc5 Ka8 69. Kb6 Kb8 70. a7+ Ka8 71. Ka6 1/2-1/2

[Event "CCT Play-in Chessable Masters 2024"]
[Site "Online"]
[Date "2024.01.31"]
[Round "3"]
[White "Lodici, Lorenzo"]
[Black "Banusz, Tamas"]
[Result "1-0"]
[WhiteElo "2548"]
[BlackElo "2621"]
[Annotator "RC"]
[PlyCount "69"]
[EventDate "2024.01.26"]
[EventType "swiss"]
[EventCountry "NET"]
[SourceTitle "playchess.com"]
[Source "ChessBase"]
[SourceQuality "1"]

1. b3 d5 2. Bb2 Bf5 3. g3 e6 4. Bg2 c6 5. Nf3 Nf6 6. c4 Nbd7 7. Nc3 Be7 8. Nh4 Bg6 9. Nxg6 hxg6 10. O-O O-O 11. d4 a5 12. Qc2 Nb6 13. c5 Nbd7 14. f4 Ng4 15. Nd1 b6 16. cxb6 Qxb6 17. e4 dxe4 18. Bxe4 Rac8 19. Bf3 Ngf6 20. Ne3 c5 21. Nc4 Qa7 22. Qf2 a4 23. Rfd1 cxd4 24. Bxd4 Bc5 25. Nd6 Rb8 26. bxa4 Bxd4 27. Qxd4 Qa5 28. Nb7 Qa6 29. Rab1 Rfc8 30. a5 Rc7 31. Nc5 Qxa5 32. Nxd7 Nxd7 33. Rxb8+ Nxb8 34. Qd8+ Kh7 35. Qh4+ 1-0

[Event "CCT Play-in Chessable Masters 2024"]
[Site "Online"]
[Date "2024.01.31"]
[Round "3"]
[White "Drygalov, Sergey"]
[Black "Tregubov, Pavel V."]
[Result "1-0"]
[WhiteElo "2547"]
[BlackElo "2567"]
[Annotator "RC"]
[PlyCount "41"]
[EventDate "2024.01.26"]
[EventType "swiss"]
[EventCountry "NET"]
[SourceTitle "playchess.com"]
[Source "ChessBase"]
[SourceQuality "1"]

1. d4 Nf6 2. c4 e6 3. Nf3 Bb4+ 4. Nbd2 O-O 5. a3 Be7 6. e4 d6 7. Be2 Nbd7 8. b4 e5 9. d5 a5 10. Bb2 Nh5 11. g3 f5 12. exf5 Ndf6 13. Nh4 Qe8 14. Qc2 c6 15. dxc6 bxc6 16. O-O Bd8 17. Rfe1 Ra7 18. Rad1 Re7 19. Nf1 d5 20. cxd5 cxd5 21. Qxc8 1-0

[Event "CCT Play-in Chessable Masters 2024"]
[Site "Online"]
[Date "2024.01.31"]
[Round "3"]
[White "Demidov, Mikhail"]
[Black "Raja Rithvik R"]
[Result "0-1"]
[WhiteElo "2546"]
[BlackElo "2522"]
[Annotator "RC"]
[PlyCount "130"]
[EventDate "2024.01.26"]
[EventType "swiss"]
[EventCountry "NET"]
[SourceTitle "playchess.com"]
[Source "ChessBase"]
[SourceQuality "1"]

1. Nf3 d5 2. e3 Nf6 3. c4 e6 4. Nc3 b6 5. cxd5 exd5 6. g3 Bb7 7. Bg2 Nbd7 8. O-O Bd6 9. Nb5 Be7 10. Qc2 c5 11. d4 O-O 12. Rd1 Re8 13. b3 a6 14. Nc3 Rc8 15. Bb2 b5 16. dxc5 Bxc5 17. Qf5 Qb6 18. Nd4 Ne5 19. a4 b4 20. a5 Qd6 21. Na4 Ba7 22. Rac1 g6 23. Qg5 Rxc1 24. Rxc1 Ne4 25. Nf5 Qe6 26. Nh6+ Kf8 27. Bxe4 dxe4 28. Kg2 Nf3 29. Qf6 Qxf6 30. Bxf6 Rc8 31. Rd1 Bc6 32. Nb6 Bxb6 33. axb6 Rb8 34. Rd6 Be8 35. g4 a5 36. Kg3 Ne1 37. g5 Nd3 38. Bd8 a4 39. bxa4 b3 40. Bf6 Bxa4 41. Ng4 b2 42. Bxb2 Nxb2 43. Nf6 Kg7 44. Nxe4 Nc4 45. Rd4 Nxb6 46. Rb4 Bc6 47. Nd6 Nd7 48. Rc4 Bd5 49. Rc7 Be6 50. Ne4 Rb5 51. h4 Re5 52. f3 Nb6 53. Kf2 Ra5 54. Rb7 Nd5 55. Nd6 Ra2+ 56. Kg3 Nxe3 57. Ne8+ Kf8 58. Nf6 h5 59. Rb8+ Ke7 60. Ne4 Nf5+ 61. Kf4 Ra7 62. Ke5 Nxh4 63. Nf6 Nxf3+ 64. Kf4 Nxg5 65. Kxg5 Ra5+ 0-1

[Event "CCT Play-in Chessable Masters 2024"]
[Site "Online"]
[Date "2024.01.31"]
[Round "3"]
[White "ElHelvetico"]
[Black "Iturrizaga Bonelli, Eduardo"]
[Result "1/2-1/2"]
[WhiteElo "2544"]
[BlackElo "2600"]
[Annotator "RC"]
[PlyCount "117"]
[EventDate "2024.01.26"]
[EventType "swiss"]
[EventCountry "NET"]
[SourceTitle "playchess.com"]
[Source "ChessBase"]
[SourceQuality "1"]

1. Nf3 Nf6 2. b3 g6 3. Bb2 Bg7 4. g3 O-O 5. Bg2 d5 6. O-O b6 7. c4 e6 8. d4 Bb7 9. Nbd2 a5 10. e3 Na6 11. Qe2 Qe7 12. Rfd1 Rfd8 13. Rac1 c5 14. dxc5 Nxc5 15. cxd5 Ba6 16. d6 Rxd6 17. Nc4 Rxd1+ 18. Rxd1 Rd8 19. Nfe5 Bb7 20. Bxb7 Nxb7 21. Nxb6 h5 22. Nbc4 Rc8 23. Ba3 Qc7 24. Bd6 Nxd6 25. Nxd6 Rf8 26. Qc4 Qe7 27. Nc6 Qc7 28. e4 Qb6 29. Rd2 Ng4 30. Qb5 Qc7 31. Qb7 Qxb7 32. Nxb7 Bc3 33. Rc2 Be1 34. h3 Nf6 35. e5 Nd5 36. Kf1 Bc3 37. Nbxa5 Ra8 38. Nc4 Kg7 39. a4 Ra6 40. Ne7 Ba1 41. Nxd5 exd5 42. Ne3 Rb6 43. Nxd5 Rxb3 44. e6 fxe6 45. Rc7+ Kh6 46. Nf4 Be5 47. Rc4 Bxf4 48. Rxf4 Ra3 49. h4 Kg7 50. Ke1 e5 51. Rb4 Kf6 52. Kd2 Kf5 53. Ke2 Ra2+ 54. Kf3 Ra3+ 55. Kg2 Ra2 56. Kf3 Ra3+ 57. Kg2 Ra2 58. Rc4 Ra3 59. Rb4 1/2-1/2